'Dietari de la Deputació del general de Cathaluna'
Publicado:
San Jorge, núm. 94 (2n, 3r i 4t trimestre 1974), pàg 92 :
MARC
| LEADER | 00000nam a2200000Ia 4500 | ||
|---|---|---|---|
| 001 | |||
| 008 | 160829s9999 xx 000 0 cat d | ||
| 245 | |a 'Dietari de la Deputació del general de Cathaluna' | ||
| 260 | |a San Jorge, núm. 94 (2n, 3r i 4t trimestre 1974), pàg 92 | ||
| 650 | |a Catalunya. Diputació del General |x Fonts |9 30175 | ||
| 650 | |a Corona catalanoaragonesa |x Història |x Fonts |9 44963 | ||
| 650 | |a Catalunya |x Història |x 1416/1458, Alfons IV |x Fonts |9 28012 | ||
| 901 | |a Arxiu | ||
| 942 | |n 1 | ||
| 952 | |0 0 |1 0 |4 0 |7 1 |9 50271 |a Arxiu |b Arxiu |d 2016-12-01 |l 0 |r 2016-12-01 00:00:00 |w 2016-12-01 |y ARXIU | ||
| 999 | |c 54113 |d 54113 | ||